000 00429nam a2200157Ia 4500
005 20250612153717.0
008 008 250505s9999 xx 000 0 eng d
020 _a9789393850430
040 _beng
_cILCL
041 _aeng
_2eng
100 _aAye, John
_9754473
245 0 _aHumour among the Lawyers
260 _aDelhi
_bLaw and Justice Publishing Company
_c2022
300 _a158p.
942 _cTB
_2Colon Classification
999 _c1311964
_d1311964